日本語の品詞 - Statistics

General Stats
  • This quiz has been taken 436 times
  • The average score is 8 of 10
Answer Stats
Answer % Correct
動詞
98%
名詞
98%
形容詞
95%
形容動詞
92%
助詞
89%
助動詞
89%
副詞
79%
接続詞
60%
連体詞
58%
感動詞
58%
No matching quizzes found
Score Distribution
Percent of People with Each Score
Percentile by Number Answered
Your Score History
You have not taken this quiz